[Event "BRA-ch U14"]
[Site "Florianopolis"]
[Date "2018.04.30"]
[Round "4"]
[White "Elesbao, Bernardo Dartora"]
[Black "Ramazzotte, Daniel Alexandre"]
[Result "0-1"]
[WhiteElo "1767"]
[BlackElo "1495"]
[PlyCount "68"]
[EventDate "2018.04.28"]
[EventType "swiss"]
[EventRounds "6"]
[EventCountry "BRA"]
[SourceTitle "EXT 2021"]
[Source "ChessBase"]
[SourceDate "2020.10.23"]
[SourceVersion "1"]
[SourceVersionDate "2020.10.23"]
[SourceQuality "1"]

1. e4 e5 2. f4 d6 3. Nf3 exf4 4. d4 Nf6 5. Nc3 Be7 6. Bxf4 0-0 7. Bc4 Nc6 8. d5 Na5 9. Bd3 Bg4 10. b4 Nh5 11. Be3 c5 12. bxa5 Qxa5 13. Bd2 c4 14. Be2 Bf6 15. Nb1 Qb6 16. h3 Bxf3 17. Bc3 Bxe2 18. Qxe2 Ng3 19. Qg4 Bxc3+ 20. Nxc3 Nxh1 21. Qf3 Qg1+ 22. Qf1 Qxf1+ 23. Kxf1 Ng3+ 24. Kf2 Nh5 25. Re1 Rfe8 26. Nb5 Red8 27. g4 Nf4 28. Kg3 Ng6 29. Rb1 b6 30. Na3 Ne5 31. Nb5 a6 32. Nc7 Ra7 33. Rxb6 Rxc7 34. Rxa6 Rcc8 0-1

[Event "Maringa Parana-ch"]
[Site "Maringa"]
[Date "2018.02.03"]
[Round "6"]
[White "Ramazzotte, Daniel Alexandre"]
[Black "Cogorni, Thiago Henrique"]
[Result "1/2-1/2"]
[WhiteElo "1485"]
[BlackElo "1861"]
[PlyCount "42"]
[EventDate "2018.01.31"]
[EventType "swiss"]
[EventRounds "8"]
[EventCountry "BRA"]
[SourceTitle "CBM 182 Extra"]
[Source "ChessBase"]
[SourceDate "2018.02.23"]
[SourceVersion "1"]
[SourceVersionDate "2018.02.23"]
[SourceQuality "1"]

1. d4 Nf6 2. c4 e6 3. Nc3 Bb4 4. Bf4 0-0 5. Nf3 b6 6. a3 Bxc3+ 7. bxc3 Bb7 8. e3 d6 9. h3 Nc6 10. Bd3 Na5 11. Qc2 h6 12. e4 Qd7 13. 0-0 Ba6 14. Nd2 c5 15. Bh2 Rfd8 16. f4 d5 17. cxd5 Bxd3 18. Qxd3 exd5 19. e5 Ne8 20. f5 Rac8 21. Rae1 Rc6 1/2-1/2

[Event "BRA-ch U16"]
[Site "Itajai"]
[Date "2017.06.03"]
[Round "5"]
[White "Lazzarin, Luiz Henrique"]
[Black "Ramazzotte, Daniel Alexandre"]
[Result "0-1"]
[WhiteElo "1544"]
[BlackElo "1800"]
[PlyCount "78"]
[EventDate "2017.06.01"]
[EventType "swiss"]
[EventRounds "6"]
[EventCountry "BRA"]
[SourceTitle "CBM 179 Extra"]
[Source "ChessBase"]
[SourceDate "2017.08.23"]
[SourceVersion "1"]
[SourceVersionDate "2017.08.23"]
[SourceQuality "1"]

1. d4 Nf6 2. c4 d5 3. Nc3 e6 4. a3 c5 5. Nf3 Nc6 6. cxd5 exd5 7. Bg5 Be6 8. e3 a6 9. dxc5 Bxc5 10. Be2 Be7 11. 0-0 0-0 12. Bd3 h6 13. Bh4 Qc7 14. Rc1 Ng4 15. Bxe7 Qxe7 16. Nxd5 Bxd5 17. Bh7+ Kh8 18. Qxd5 g6 19. Bxg6 fxg6 20. h3 Rad8 21. Qb3 Nge5 22. Qc3 Qf6 23. Nd2 Rd3 24. Qc2 Rfd8 25. Ne4 Qe7 26. Rcd1 Rxd1 27. Rxd1 Rxd1+ 28. Qxd1 Kh7 29. Nc3 Qd7 30. Qb3 Nd3 31. Nd5 Nc5 32. Nf6+ Kg7 33. Qc3 Qd1+ 34. Kh2 Qd6+ 35. g3 Qxf6 36. Qxc5 Qxf2+ 37. Kh1 Qxg3 38. Qb6 Qxh3+ 39. Kg1 Qd7 0-1